Statistics for Countries/Territories Not Infected by the COVID-19 Pandemic

Click here to take the quiz!

General Stats

  • This quiz has been taken 34 times
    (25 since last reset)
  • The average score is 12 of 23

Answer Stats

PopulationAnswer% Correct
10 KNauru
77%
United StatesAmerican Samoa
73%
59 KMarshall Islands
73%
18 KPalau
73%
119 KKiribati
68%
25.7 mNorth Korea
68%
198 KSamoa
68%
686 KSolomon Islands
68%
105 KTonga
68%
307 KVanuatu
64%
11 KTuvalu
59%
115 KF. S. Micronesia
55%
NorwaySvalbard
50%
6 mTurkmenistan
45%
AustraliaChristmas Island
41%
New ZealandCook Islands
41%
New ZealandNiue
32%
United KingdomPitcairn Islands
32%
New ZealandTokelau
27%
FranceWallis and Futuna
27%
AustraliaNorfolk Island
23%
United KingdomSaint Helena, Ascension, and Tristan de Cunha
18%
AustraliaCocos (Keeling) Islands
14%

Score Distribution

Percentile by Number Answered

Percent of People with Each Score

Your Score History

You have not taken this quiz since the last reset